Statistiques concernant Île-de-France... ou îles de France?

Cliquez ici pour prendre le quiz!

Statistiques générales

  • Ce quiz a été pris 516 fois
  • Le résultat moyen est 8 sur 10

Statistiques - réponses

QuestionRéponse% Correct
Cumule le plus de titres en Ligue 1Île-de-France
97%
A vu naître le plus grand nombre de Présidents françaisÎle-de-France
96%
Est le plus peupléÎle-de-France
95%
Est le plus étenduÎles de France
91%
Est le plus boiséÎles de France
85%
Admet officiellement une ou plusieurs langues régionales officiellesÎles de France
81%
Est traversé par le cours d'eau le plus longÎle-de-France
76%
Compte le plus grand nombre de communesÎle-de-France
74%
Occupe la plus grande partie du territoire français métropolitainÎle-de-France
71%
Est frontalier des Pays-BasÎles de France
61%

Distribution des résultats

Percentile par nombre de réponses

% des personnes avec chaque résultat

Votre développement - résultats

Vous n’avez pas pris ce quiz